[Event "XXVIII Festival Conca della Presolana A"]
[Site "Bratto - Castione della Presolana ITA"]
[Date "2008.08.30"]
[Round "9"]
[White "Finocchiaro, Gianluca"]
[Black "Jablon, Stephen"]
[Result "1-0"]
[WhiteElo "2021"]
[BlackElo "1994"]
[PlyCount "129"]
[EventDate "2008.08.22"]

1. d4 Nc6 2. Nf3 d5 3. Bf4 Bg4 4. e3 e6 5. c3 Bd6 6. Bg3 Nge7 7. Bd3 f6 8. Qa4
Bxg3 9. hxg3 Bf5 10. Qc2 Bxd3 11. Qxd3 g6 12. Nbd2 Qd6 13. Nb3 e5 14. Qb5 e4
15. Nfd2 Rb8 16. Nc5 a6 17. Qe2 f5 18. O-O-O Nd8 19. g4 f4 20. exf4 Qxf4 21. g3
Qd6 22. Qe3 b6 23. Ncb3 Ne6 24. f4 a5 25. Rh4 a4 26. Na1 c5 27. Rdh1 cxd4 28.
cxd4 h5 29. f5 gxf5 30. Rxh5 Rxh5 31. Rxh5 Rc8+ 32. Kb1 Qc6 33. Rh8+ Nf8 34.
Nf1 Qc4 35. Rh1 fxg4 36. Nd2 Qb5 37. Nc2 Nf5 38. Qf4 Qd3 39. Qxf5 Qxc2+ 40. Ka1
a3 41. Qe5+ Kd7 42. Qxd5+ Kc7 43. Qe5+ Kc6 44. Qxe4+ Qxe4 45. Nxe4 Re8 46. Rc1+
Kd7 47. Nf6+ Ke7 48. Nxe8 axb2+ 49. Kxb2 Kxe8 50. Re1+ Kd7 51. Re4 Kd6 52. Rxg4
Kd5 53. Kc3 Ne6 54. a4 Nc7 55. Rg5+ Kc6 56. Kc4 Ne8 57. Rg6+ Kb7 58. d5 Ka6 59.
Re6 Nc7 60. g4 Ka5 61. Re7 b5+ 62. axb5 Nxb5 63. Kc5 Ka6 64. d6 Na7 65. Rxa7+
1-0

[Event "XXVIII Festival Conca della Presolana A"]
[Site "Bratto - Castione della Presolana ITA"]
[Date "2008.08.30"]
[Round "9"]
[White "Garano, Nicola"]
[Black "Spassov, Liuben D."]
[Result "0-1"]
[WhiteElo "2265"]
[BlackElo "2428"]
[PlyCount "70"]
[EventDate "2008.08.22"]

1. e4 c6 2. d4 d5 3. Nd2 dxe4 4. Nxe4 Bf5 5. Ng3 Bg6 6. h4 h6 7. Nf3 Nd7 8. h5
Bh7 9. Bd3 Bxd3 10. Qxd3 e6 11. Bf4 Qa5+ 12. Bd2 Bb4 13. Ne4 Ngf6 14. c3 Be7
15. c4 Qc7 16. O-O-O Rd8 17. Kb1 O-O 18. Rdg1 Ng4 19. Qe2 c5 20. Bc3 Rfe8 21.
Nfd2 f5 22. f3 Ngf6 23. g4 Nxe4 24. fxe4 cxd4 25. Bxd4 Ne5 26. Bc3 fxg4 27.
Rxg4 Nxg4 28. Qxg4 Bg5 29. Qe2 Rf8 30. Nf3 Bf6 31. e5 Be7 32. Nd4 Bc5 33. Nxe6
Qc6 34. Qg4 Qxh1+ 35. Kc2 Qg1 0-1

[Event "XXVIII Festival Conca della Presolana A"]
[Site "Bratto - Castione della Presolana ITA"]
[Date "2008.08.30"]
[Round "9"]
[White "Guido, Flavio"]
[Black "Di Fonzo, Valerio"]
[Result "1-0"]
[WhiteElo "2356"]
[BlackElo "2212"]
[PlyCount "71"]
[EventDate "2008.08.22"]

1. e4 e5 2. Nf3 Nc6 3. Bc4 Bc5 4. c3 Nf6 5. d3 a6 6. Nbd2 d6 7. Bb3 Ba7 8. O-O
O-O 9. h3 Ne7 10. Re1 Ng6 11. Nf1 h6 12. Ng3 Be6 13. d4 Qc8 14. Be3 Re8 15. Bc2
Bd7 16. Qd2 Kh7 17. Rad1 Bc6 18. Nh2 Bd7 19. Nf3 Bc6 20. b3 Bb6 21. Nh2 Ba7 22.
f3 Rg8 23. Ng4 Nxg4 24. hxg4 f6 25. Nf5 Bd7 26. Bxh6 Bxf5 27. exf5 gxh6 28.
fxg6+ Kg7 29. g3 Qd8 30. Kg2 Rh8 31. Rh1 exd4 32. cxd4 c6 33. Rde1 Qc7 34. Qf4
Raf8 35. Re6 Bb8 36. Rhe1 1-0

[Event "XXVIII Festival Conca della Presolana A"]
[Site "Bratto - Castione della Presolana ITA"]
[Date "2008.08.30"]
[Round "9"]
[White "Gutierrez Castillo, Paloma"]
[Black "Ranfagni, Stefano"]
[Result "1/2-1/2"]
[WhiteElo "2157"]
[BlackElo "2049"]
[PlyCount "58"]
[EventDate "2008.08.22"]

1. e4 e5 2. Nf3 Nf6 3. Nxe5 d6 4. Nf3 Nxe4 5. c4 c6 6. Nc3 Nxc3 7. dxc3 Be7 8.
Bf4 Be6 9. Bd3 d5 10. Nd4 Bf6 11. Nxe6 fxe6 12. Qg4 Qe7 13. Bxh7 Nd7 14. Bg6+
Kd8 15. O-O Rh4 16. Qf3 e5 17. Bg3 Rxc4 18. Rfe1 Bh4 19. b3 Rc5 20. Rxe5 Nxe5
21. Bxe5 Qxe5 22. Qf8+ Kc7 23. Qxc5 Bf6 24. Rd1 Rh8 25. g3 Qg5 26. Bf7 Be7 27.
Qe3 Qf6 28. Qe6 Rf8 29. Qxf6 Bxf6 1/2-1/2

[Event "XXVIII Festival Conca della Presolana A"]
[Site "Bratto - Castione della Presolana ITA"]
[Date "2008.08.30"]
[Round "9"]
[White "Jaracz, Pawel"]
[Black "Horvath, Csaba"]
[Result "1/2-1/2"]
[WhiteElo "2501"]
[BlackElo "2537"]
[PlyCount "20"]
[EventDate "2008.08.22"]

1. e4 c5 2. Nf3 e6 3. d4 cxd4 4. Nxd4 Nc6 5. Nc3 Qc7 6. Be2 a6 7. O-O Nf6 8.
Be3 Be7 9. f4 d6 10. a4 O-O 1/2-1/2

[Event "XXVIII Festival Conca della Presolana A"]
[Site "Bratto - Castione della Presolana ITA"]
[Date "2008.08.30"]
[Round "9"]
[White "Klip, Hans"]
[Black "Simutowe, Amon"]
[Result "0-1"]
[WhiteElo "2390"]
[BlackElo "2458"]
[PlyCount "54"]
[EventDate "2008.08.22"]

1. e4 c6 2. d4 d5 3. f3 e6 4. Nc3 Bb4 5. Bf4 Ne7 6. Qd3 Nd7 7. Nge2 O-O 8.
O-O-O b5 9. g4 Nb6 10. Nb1 a5 11. Ng3 dxe4 12. fxe4 Ng6 13. Be3 Nc4 14. e5 c5
15. Ne4 Nxe3 16. Qxe3 cxd4 17. Rxd4 Qc7 18. a3 Be7 19. Nd6 Qc5 20. Nd2 Bg5 21.
Qe4 Bd7 22. Bg2 Bc6 23. Qxc6 Qxd4 24. Rd1 Nxe5 25. Qc7 Rad8 26. N6e4 Bf4 27.
Qxa5 Nc4 0-1

[Event "XXVIII Festival Conca della Presolana A"]
[Site "Bratto - Castione della Presolana ITA"]
[Date "2008.08.30"]
[Round "9"]
[White "Lampl, Gerald"]
[Black "Stips, Felix"]
[Result "1/2-1/2"]
[WhiteElo "2155"]
[BlackElo "2061"]
[PlyCount "37"]
[EventDate "2008.08.22"]

1. d4 Nf6 2. c4 e6 3. Nf3 b6 4. g3 Bb7 5. Bg2 Be7 6. O-O O-O 7. Nc3 Ne4 8. Qc2
Nxc3 9. Qxc3 c5 10. dxc5 bxc5 11. Rd1 d6 12. Bf4 Nc6 13. e4 Qc7 14. e5 Rfd8 15.
Rd2 Rd7 16. Rad1 Rad8 17. exd6 Bxd6 18. Bxd6 Rxd6 19. Qe3 1/2-1/2

[Event "XXVIII Festival Conca della Presolana A"]
[Site "Bratto - Castione della Presolana ITA"]
[Date "2008.08.30"]
[Round "9"]
[White "Madiai, Federico"]
[Black "Leburgue, Sylvain"]
[Result "1-0"]
[WhiteElo "2066"]
[BlackElo "2168"]
[PlyCount "99"]
[EventDate "2008.08.22"]

1. Nf3 d5 2. d4 Nf6 3. c4 c6 4. Nc3 e6 5. Bg5 Nbd7 6. e3 Qa5 7. Nd2 Bb4 8. Qc2
O-O 9. Bxf6 Nxf6 10. Be2 e5 11. dxe5 Ne4 12. cxd5 Nxc3 13. bxc3 Bxc3 14. Rc1
Bb4 15. Bf3 cxd5 16. Rd1 Be6 17. Ke2 Rfc8 18. Qd3 Rc3 19. Qb1 Qb5+ 20. Ke1 Rd3
21. a4 Bxd2+ 22. Ke2 Qxb1 23. Rxb1 Bf5 24. Bg4 Bg6 25. Rbd1 Ra3 26. Rxd2 Rxa4
27. Bd7 Rb4 28. Rhd1 a5 29. Rxd5 h6 30. R5d4 Rb2+ 31. R1d2 Rb1 32. Ra2 b5 33.
Rd5 b4 34. Rdxa5 Rxa5 35. Rxa5 Be4 36. f3 Rb2+ 37. Ke1 Bc2 38. Bb5 Bg6 39. g4
Rxh2 40. Be2 b3 41. Rb5 Rh1+ 42. Kd2 Rb1 43. e4 Kf8 44. Bc4 h5 45. gxh5 Bxh5
46. e6 Rb2+ 47. Ke3 fxe6 48. Rxh5 Rc2 49. Bd3 Rg2 50. Rb5 1-0

[Event "XXVIII Festival Conca della Presolana A"]
[Site "Bratto - Castione della Presolana ITA"]
[Date "2008.08.30"]
[Round "9"]
[White "Manca, Federico"]
[Black "Borgo, Giulio"]
[Result "1/2-1/2"]
[WhiteElo "2367"]
[BlackElo "2442"]
[PlyCount "36"]
[EventDate "2008.08.22"]

1. e4 c6 2. d4 d5 3. exd5 cxd5 4. c4 Nf6 5. Nc3 g6 6. cxd5 Bg7 7. Qb3 O-O 8.
Be2 Nbd7 9. Bf3 Nb6 10. Nge2 Bg4 11. Bxg4 Nxg4 12. Bf4 Nf6 13. d6 exd6 14. O-O
Nh5 15. Be3 d5 16. Na4 Nxa4 17. Qxa4 Qb6 18. b3 Nf6 1/2-1/2

[Event "XXVIII Festival Conca della Presolana A"]
[Site "Bratto - Castione della Presolana ITA"]
[Date "2008.08.30"]
[Round "9"]
[White "Mazzariol, Oscar"]
[Black "Bonazzi, Edoardo"]
[Result "0-1"]
[WhiteElo "2080"]
[BlackElo "2163"]
[PlyCount "63"]
[EventDate "2008.08.22"]

1. d4 Nf6 2. c4 e6 3. Nc3 d5 4. Bg5 Be7 5. cxd5 exd5 6. e3 c6 7. Qc2 Nbd7 8.
Bd3 Nh5 9. Bxe7 Qxe7 10. Nge2 Nb6 11. O-O g6 12. Nf4 Nxf4 13. exf4 O-O 14. f5
Qf6 15. fxg6 fxg6 16. Rad1 Bf5 17. b3 Rae8 18. Ne2 Bxd3 19. Rxd3 Re4 20. Qd2
Nc8 21. Ng3 Rf4 22. f3 h5 23. Ne2 Rf5 24. Ng3 Rg5 25. f4 Rg4 26. f5 h4 27. fxg6
Qxg6 28. Rxf8+ Kxf8 29. Rf3+ Kg7 30. Qb4 Kh7 31. Qf8 Nd6 32. Qxd6 0-1

[Event "XXVIII Festival Conca della Presolana A"]
[Site "Bratto - Castione della Presolana ITA"]
[Date "2008.08.30"]
[Round "9"]
[White "Narayanan, Srinath"]
[Black "Piasetski, Leon David"]
[Result "1-0"]
[WhiteElo "2220"]
[BlackElo "2314"]
[PlyCount "73"]
[EventDate "2008.08.22"]

1. e4 c5 2. Nf3 Nc6 3. d4 cxd4 4. Nxd4 Qb6 5. Nb3 Nf6 6. Nc3 e6 7. a3 Qc7 8.
Bd3 Ne5 9. f4 Nxd3+ 10. cxd3 b6 11. e5 Ng8 12. Be3 Bb7 13. Qe2 Nh6 14. Nb5 Qc6
15. N3d4 Qxg2 16. Qxg2 Bxg2 17. Rg1 Bb7 18. Nc7+ Kd8 19. Nxa8 Bxa8 20. Rc1 Bc5
21. Rxg7 Bxd4 22. Bxd4 Nf5 23. Bf2 Ke7 24. Rg4 Bc6 25. Kd2 h5 26. Rg5 Bf3 27.
h3 f6 28. Rg6 fxe5 29. fxe5 Kd8 30. Be3 Bc6 31. b4 Nxe3 32. Kxe3 Rf8 33. Ke2
Rf5 34. d4 Bb5+ 35. Ke3 Bc6 36. Rg8+ Ke7 37. Rcg1 1-0

[Event "XXVIII Festival Conca della Presolana A"]
[Site "Bratto - Castione della Presolana ITA"]
[Date "2008.08.30"]
[Round "9"]
[White "Nardelli, Marco"]
[Black "Piemonti, Carlo"]
[Result "1-0"]
[WhiteElo "2113"]
[BlackElo "2051"]
[PlyCount "59"]
[EventDate "2008.08.22"]

1. e4 c5 2. Nf3 Nc6 3. d4 cxd4 4. Nxd4 Nf6 5. Nc3 d6 6. Bg5 e6 7. Qd2 a6 8.
O-O-O h6 9. Be3 Nxd4 10. Bxd4 b5 11. f3 Be7 12. g4 Qa5 13. Kb1 b4 14. Ne2 e5
15. Be3 Be6 16. Nc1 Qc7 17. g5 hxg5 18. Bxg5 d5 19. Bxf6 gxf6 20. exd5 Rd8 21.
Bxa6 Bxd5 22. Bb5+ Kf8 23. Qg2 Qb7 24. Rhg1 Bc5 25. Qg7+ Ke7 26. Rg6 Bxa2+ 27.
Kxa2 Rxd1 28. Qxf6+ Kf8 29. Qxh8+ Ke7 30. Qe8# 1-0

[Event "XXVIII Festival Conca della Presolana A"]
[Site "Bratto - Castione della Presolana ITA"]
[Date "2008.08.30"]
[Round "9"]
[White "Oppici, Gabriele"]
[Black "De Filomeno, Simone"]
[Result "0-1"]
[WhiteElo "2055"]
[BlackElo "2102"]
[PlyCount "96"]
[EventDate "2008.08.22"]

1. Nc3 c5 2. Nf3 Nc6 3. d4 cxd4 4. Nxd4 g6 5. g3 Bg7 6. Nxc6 bxc6 7. Bg2 Nf6 8.
O-O O-O 9. e4 Rb8 10. Rb1 Qc7 11. Re1 d6 12. Bf4 e5 13. Bg5 h6 14. Be3 Ng4 15.
Bc1 f5 16. h3 Nf6 17. Qe2 Be6 18. b3 fxe4 19. Nxe4 Nxe4 20. Qxe4 Qf7 21. Qe2 d5
22. Ba3 Rfd8 23. Rbd1 e4 24. Bc5 Bf8 25. Bd4 c5 26. Be5 Rbc8 27. Rf1 Re8 28.
Bb2 Bf5 29. c3 Bg7 30. Rd2 Rcd8 31. Rfd1 h5 32. g4 hxg4 33. hxg4 Bc8 34. Bxe4
Bb7 35. Qf3 Rxe4 36. Qxe4 dxe4 37. Rxd8+ Kh7 38. R8d7 Qf3 39. c4 Qxg4+ 40. Kf1
e3 41. fxe3 Qf3+ 42. Ke1 Qxe3+ 43. Kf1 Qf3+ 44. Ke1 Qg3+ 45. Kf1 Bg2+ 46. Ke2
Bf3+ 47. Kd2 Qf2+ 48. Kc1 Qxb2# 0-1

[Event "XXVIII Festival Conca della Presolana A"]
[Site "Bratto - Castione della Presolana ITA"]
[Date "2008.08.30"]
[Round "9"]
[White "Osuna Munoz, Xavier"]
[Black "Pagnoncelli, Marco"]
[Result "0-1"]
[WhiteElo "2093"]
[BlackElo "2126"]
[PlyCount "100"]
[EventDate "2008.08.22"]

1. e4 c5 2. Nc3 Nc6 3. g3 g6 4. Bg2 Bg7 5. d3 e6 6. Be3 Nd4 7. f4 d6 8. Nf3 Ne7
9. O-O Nec6 10. Qd2 Nxf3+ 11. Bxf3 Nd4 12. Bg2 Qa5 13. Qf2 O-O 14. Nd1 Qa4 15.
b3 Qa5 16. c3 Nc6 17. Rc1 Qa6 18. Qd2 Qa5 19. f5 exf5 20. exf5 Bxf5 21. Rxf5
gxf5 22. Bh6 Qd8 23. Bxg7 Kxg7 24. Ne3 Ne7 25. Rf1 f4 26. Rxf4 f5 27. Bh3 Rf6
28. Rh4 Qf8 29. Ng2 Kh8 30. Qg5 Qg7 31. Qh5 Ng6 32. Ra4 a5 33. Bxf5 b5 34. Rg4
Raf8 35. Nh4 Rxf5 36. Nxf5 Qxc3 37. Rxg6 Qe1+ 38. Kg2 Rxf5 39. Qxf5 hxg6 40.
Qxg6 Qe2+ 41. Kh3 Qxa2 42. Qe8+ Kg7 43. Qd7+ Kg8 44. Qxb5 Kf8 45. Qd7 Qxb3 46.
Qxd6+ Kg7 47. Qxc5 a4 48. Qe5+ Kf7 49. d4 Qe6+ 50. Qxe6+ Kxe6 0-1

[Event "XXVIII Festival Conca della Presolana A"]
[Site "Bratto - Castione della Presolana ITA"]
[Date "2008.08.30"]
[Round "9"]
[White "Parodi, Alessandro"]
[Black "Barberi, Alessandro"]
[Result "1-0"]
[WhiteElo "2053"]
[BlackElo "2153"]
[PlyCount "155"]
[EventDate "2008.08.22"]

1. d4 g6 2. e4 Bg7 3. Be3 d6 4. c4 c5 5. Ne2 Nc6 6. Nbc3 Qb6 7. Nd5 Qa5+ 8. Bd2
Qd8 9. dxc5 dxc5 10. Bf4 e5 11. Be3 Nd4 12. Nec3 Be6 13. Nb5 Bxd5 14. cxd5 a6
15. Nc3 b5 16. a4 b4 17. Nb1 Ne7 18. Bc4 f5 19. f3 Nc8 20. O-O Nd6 21. Nd2 O-O
22. b3 f4 23. Bf2 a5 24. Bd3 Ra7 25. Rc1 Rc7 26. Re1 Qe7 27. Nc4 Nxc4 28. Bxc4
Qd6 29. Bxd4 cxd4 30. Qd3 Rf6 31. Rc2 g5 32. Rec1 h5 33. Bb5 Rc3 34. Rxc3 bxc3
35. Qc4 Qa3 36. Rf1 Kh7 37. Qc7 Rd6 38. Qxa5 Qxb3 39. Qc7 Qb4 40. a5 c2 41. Bd3
g4 42. Qxc2 Qxa5 43. Be2 Rg6 44. Qd1 Qc3 45. fxg4 Qe3+ 46. Kh1 hxg4 47. Bxg4
Qxe4 48. Bf3 Qf5 49. Re1 Kh6 50. Be4 Qg4 51. Bxg6 Qxd1 52. Rxd1 Kxg6 53. Kg1 e4
54. Kf2 d3 55. Rb1 Bd4+ 56. Kf1 Kf5 57. d6 e3 58. d7 e2+ 59. Ke1 Bc3+ 60. Kf2
Bd4+ 61. Ke1 Bc3+ 62. Kf2 Bd4+ 63. Kf3 Bf6 64. g3 fxg3 65. hxg3 Bg5 66. Rb5+
Ke6 67. Rxg5 e1=Q 68. d8=Q Qe2+ 69. Kf4 Qf2+ 70. Ke4 Qe1+ 71. Kd4 Qa1+ 72. Kc5
Qa3+ 73. Kc6 Qa6+ 74. Kc5 Qa3+ 75. Kb5 Qb3+ 76. Ka6 Qa4+ 77. Ra5 Qc4+ 78. Rb5
1-0

[Event "XXVIII Festival Conca della Presolana A"]
[Site "Bratto - Castione della Presolana ITA"]
[Date "2008.08.30"]
[Round "9"]
[White "Podini, Francesco"]
[Black "Pascucci, Marco"]
[Result "1-0"]
[WhiteElo "2051"]
[BlackElo "2009"]
[PlyCount "85"]
[EventDate "2008.08.22"]

1. e4 e6 2. d4 d5 3. Nc3 Bb4 4. exd5 exd5 5. Bd3 Nf6 6. Nge2 h6 7. O-O O-O 8.
Bf4 c6 9. Ng3 Bd6 10. Qd2 Qc7 11. Bxh6 Ng4 12. Bg5 f6 13. Be3 f5 14. Bg5 f4 15.
h3 Nh6 16. Bxh6 gxh6 17. Nh5 Qf7 18. Be2 Qg6 19. Qd3 Kh7 20. Qxg6+ Kxg6 21. g4
fxg3 22. fxg3 Nd7 23. Rxf8 Nxf8 24. Rf1 Nh7 25. g4 Kg5 26. Bd3 Nf8 27. Rf6 Be6
28. Ne2 Be7 29. Rf3 Bxg4 30. hxg4 Kxg4 31. Rf5 Ng6 32. Nf6+ Bxf6 33. Rxf6 Nh4
34. Rf4+ Kg5 35. Kf2 Re8 36. Rf7 Rg8 37. Rxb7 Rf8+ 38. Ke3 Rf1 39. Rg7+ Kf6 40.
Rg4 Rf3+ 41. Kd2 Rh3 42. Kc3 Ke6 43. Nf4+ 1-0

[Event "XXVIII Festival Conca della Presolana A"]
[Site "Bratto - Castione della Presolana ITA"]
[Date "2008.08.30"]
[Round "9"]
[White "Qendro, Llambi"]
[Black "Burlando, Alessandro"]
[Result "1-0"]
[WhiteElo "2375"]
[BlackElo "2161"]
[PlyCount "57"]
[EventDate "2008.08.22"]

1. d4 Nf6 2. c4 g6 3. Nc3 Bg7 4. e4 d6 5. f3 O-O 6. Bg5 Nc6 7. Nge2 e5 8. d5
Nd4 9. Nxd4 exd4 10. Qxd4 h6 11. Bxf6 Bxf6 12. Qd2 c6 13. O-O-O Qa5 14. Kb1 c5
15. Bd3 a6 16. f4 Bg7 17. e5 dxe5 18. fxe5 Bxe5 19. Qxh6 Bg7 20. Qd2 b5 21. Ne4
Qb6 22. Rc1 Bd4 23. Rhf1 bxc4 24. Rxc4 Rb8 25. b3 Kg7 26. Nxc5 Bxc5 27. Qc3+
Kg8 28. Rxc5 Bd7 29. Rf6 1-0

[Event "XXVIII Festival Conca della Presolana A"]
[Site "Bratto - Castione della Presolana ITA"]
[Date "2008.08.30"]
[Round "9"]
[White "Radice, Luca"]
[Black "Boccalatte, Piero"]
[Result "1-0"]
[WhiteElo "2098"]
[BlackElo "2011"]
[PlyCount "137"]
[EventDate "2008.08.22"]

1. d4 d5 2. Nf3 c6 3. c4 Nf6 4. e3 Bf5 5. Bd3 Bxd3 6. Qxd3 e6 7. Nc3 Nbd7 8.
O-O Bd6 9. e4 dxe4 10. Nxe4 Nxe4 11. Qxe4 Nf6 12. Qe2 h6 13. b3 O-O 14. Bb2 Qe7
15. Rfd1 Rfd8 16. Rd3 c5 17. Rad1 cxd4 18. Bxd4 b6 19. Bxf6 gxf6 20. Qd2 Bc7
21. Qxh6 Rxd3 22. Rxd3 Rd8 23. Qd2 Rxd3 24. Qxd3 Bd6 25. h4 Kg7 26. Qd4 Bc5 27.
Qg4+ Kh7 28. Qe4+ Kg7 29. g4 Qd6 30. g5 Qg3+ 31. Kh1 Qh3+ 32. Nh2 fxg5 33. hxg5
Bxf2 34. Qe5+ Kg8 35. b4 Qg3 36. Qxg3 Bxg3 37. Nf3 Kf8 38. Kg2 Bf4 39. Kf2 a6
40. Ke2 Ke7 41. Kd3 Kd6 42. Ke4 Bc1 43. Ne5 Ke7 44. c5 bxc5 45. bxc5 Bxg5 46.
c6 f5+ 47. Kd3 Kd6 48. Nf7+ Kxc6 49. Nxg5 Kd5 50. Nh7 e5 51. Nf6+ Kc5 52. Kc3
a5 53. Nd7+ Kd5 54. a4 e4 55. Nb6+ Kc5 56. Nc4 f4 57. Nxa5 e3 58. Nb3+ Kb6 59.
Nd4 Ka5 60. Kb3 Ka6 61. Kb4 Kb6 62. a5+ Ka6 63. Ka4 Ka7 64. Kb5 Kb7 65. a6+ Ka7
66. Ka5 Kb8 67. Kb6 Ka8 68. a7 e2 69. Ne6 1-0

[Event "XXVIII Festival Conca della Presolana A"]
[Site "Bratto - Castione della Presolana ITA"]
[Date "2008.08.30"]
[Round "9"]
[White "Ranieri, Fabrizio"]
[Black "Bentivegna, Francesco"]
[Result "0-1"]
[WhiteElo "2245"]
[BlackElo "2329"]
[PlyCount "61"]
[EventDate "2008.08.22"]

1. e4 d5 2. exd5 Qxd5 3. Nf3 Bg4 4. Be2 Nc6 5. d4 O-O-O 6. c4 Qf5 7. Be3 Bxf3
8. Bxf3 Nxd4 9. Bxd4 Qe6+ 10. Be2 Qe4 11. Nc3 Qxd4 12. Qa4 Qd2+ 13. Kf1 Qxb2
14. Rb1 Qxc3 15. Qxa7 e6 16. Qxb7+ Kd7 17. Qb5+ Ke7 18. Qc5+ Rd6 19. Qxc7+ Kf6
20. h4 Qe5 21. Re1 Rd4 22. Qb7 Qe4 23. Qb5 Qe5 24. Qb7 g6 25. Rh3 Kg7 26. Bg4
Qc5 27. Bxe6 Ne7 28. Bd5 Nxd5 29. cxd5 Qxd5 30. Qxd5 Rxd5 31. Rc3 0-1

[Event "XXVIII Festival Conca della Presolana A"]
[Site "Bratto - Castione della Presolana ITA"]
[Date "2008.08.30"]
[Round "9"]
[White "Ricci, Alfredo"]
[Black "Bassis, Ivano"]
[Result "1-0"]
[WhiteElo "2069"]
[BlackElo "2021"]
[PlyCount "37"]
[EventDate "2008.08.22"]

1. e4 d5 2. exd5 Qxd5 3. Nf3 Nf6 4. Nc3 Qa5 5. Be2 g6 6. O-O Bg7 7. Re1 c6 8.
Bf1 Bg4 9. h3 Bxf3 10. Qxf3 e6 11. a3 O-O 12. b4 Qc7 13. Bb2 Nbd7 14. Rad1 Rad8
15. Ne4 Nxe4 16. Bxg7 Kxg7 17. Qxe4 Nf6 18. Qf3 Kg8 19. Qxf6 1-0

[Event "XXVIII Festival Conca della Presolana A"]
[Site "Bratto - Castione della Presolana ITA"]
[Date "2008.08.30"]
[Round "9"]
[White "Salvador, Roland"]
[Black "Tjiam, Dharma"]
[Result "1/2-1/2"]
[WhiteElo "2443"]
[BlackElo "2372"]
[PlyCount "168"]
[EventDate "2008.08.22"]

1. d4 Nf6 2. Nf3 e6 3. c4 Bb4+ 4. Bd2 a5 5. g3 b6 6. Bg2 Bb7 7. O-O O-O 8. Bf4
Be7 9. Nc3 d5 10. cxd5 exd5 11. Rc1 Na6 12. Qa4 c6 13. Ne5 b5 14. Qc2 Nc7 15.
Nxc6 Bxc6 16. Bxc7 Qd7 17. Ne4 Qxc7 18. Nxf6+ Bxf6 19. Qxc6 Qxc6 20. Rxc6 Bxd4
21. Bxd5 Rac8 22. Rfc1 Rxc6 23. Rxc6 Bxb2 24. Rb6 b4 25. Ra6 Bc3 26. Bb3 g6 27.
e3 g5 28. Rxa5 h6 29. g4 Kg7 30. Ra7 Kg6 31. Kg2 Be5 32. Rd7 Kg7 33. h3 Bf6 34.
Kf3 Kg6 35. Ke2 Kg7 36. f3 Kg6 37. e4 Kg7 38. Bd5 Bc3 39. Kd3 Be1 40. e5 Kg6
41. Ke4 Bc3 42. Re7 Bd2 43. Bc6 Bc1 44. Be8 Ba3 45. Bc6 b3 46. Ra7 Bc5 47. Ra5
bxa2 48. Bd5 Rc8 49. Rxa2 Rc7 50. Ra6+ Kg7 51. Ra2 Ra7 52. Rc2 Ra4+ 53. Bc4 Bf2
54. f4 gxf4 55. Kxf4 Bh4 56. Kf5 Bg5 57. Ke4 Bh4 58. Kd4 Ra3 59. Rb2 Ra7 60.
Rb5 Re7 61. Ke4 Rc7 62. Bb3 Ra7 63. Kf5 Bg5 64. Bd5 Ra4 65. e6 fxe6+ 66. Kxe6
Ra7 67. Bb7 Ra3 68. Bg2 Ra7 69. Bd5 Re7+ 70. Kf5 Rc7 71. Rb8 Re7 72. Be6 Kh7
73. Rc8 Kg7 74. Rg8+ Kh7 75. Rc8 Kg7 76. Rc6 Ra7 77. Bd5 Re7 78. Rg6+ Kh7 79.
h4 Bxh4 80. Bg8+ Kh8 81. Rxh6+ Kxg8 82. Rxh4 Kg7 83. Rh1 Ra7 84. Re1 Rb7
1/2-1/2

[Event "XXVIII Festival Conca della Presolana A"]
[Site "Bratto - Castione della Presolana ITA"]
[Date "2008.08.30"]
[Round "9"]
[White "Shytaj, Luca"]
[Black "Levin, Felix"]
[Result "1-0"]
[WhiteElo "2467"]
[BlackElo "2564"]
[PlyCount "41"]
[EventDate "2008.08.22"]

1. e4 c6 2. d4 d5 3. exd5 cxd5 4. c4 Nf6 5. Nc3 g6 6. Qb3 Bg7 7. cxd5 O-O 8.
Be2 Nbd7 9. Bf3 Nb6 10. Bg5 Bf5 11. Rd1 Qc8 12. Nge2 Bg4 13. Bxg4 Qxg4 14. Bxf6
Bxf6 15. O-O Rfd8 16. Rfe1 Qc8 17. Ne4 Nxd5 18. N2c3 Qc6 19. Nxd5 Qxd5 20.
Nxf6+ exf6 21. Re8+ 1-0

[Event "XXVIII Festival Conca della Presolana A"]
[Site "Bratto - Castione della Presolana ITA"]
[Date "2008.08.30"]
[Round "9"]
[White "Tatai, Stefano"]
[Black "Barlocco, Carlo"]
[Result "1-0"]
[WhiteElo "2372"]
[BlackElo "2150"]
[PlyCount "133"]
[EventDate "2008.08.22"]

1. d4 Nc6 2. Nf3 d5 3. c4 Bg4 4. cxd5 Bxf3 5. gxf3 Qxd5 6. e3 e5 7. Nc3 Bb4 8.
Bd2 Bxc3 9. bxc3 Nf6 10. c4 Qd6 11. d5 Ne7 12. Rb1 b6 13. Bh3 a5 14. Qa4+ Kf8
15. Bb4 Qd8 16. Ba3 Kg8 17. Rg1 Ng6 18. Qc6 Ne8 19. Ke2 Rb8 20. Rg3 Ne7 21. Qd7
Qxd7 22. Bxd7 Nf6 23. Ba4 Ng6 24. Bc6 h6 25. Rbg1 Kh7 26. Bb2 Rhg8 27. Rxg6
fxg6 28. Bxe5 Rbc8 29. f4 Rgf8 30. f3 Rf7 31. Ba4 Ng8 32. h4 h5 33. Rg5 Nh6 34.
e4 Re7 35. Rg1 Nf7 36. Bd4 Nd6 37. Rc1 Rb8 38. Bc6 Nb7 39. Rg1 Rf7 40. Be3 Nd6
41. Kd3 Rbf8 42. f5 gxf5 43. e5 f4 44. Bxb6 cxb6 45. exd6 Rd8 46. Rb1 Rxd6 47.
Rxb6 g5 48. c5 Rd8 49. hxg5 Rg7 50. d6 Rxg5 51. Be4+ Kg7 52. Rb7+ Kf6 53. Kd4
Rg1 54. Rh7 Rd1+ 55. Bd3 Rc1 56. Rxh5 Rc8 57. d7 Rd8 58. c6 Ke7 59. Kd5 Rd1 60.
Rh7+ Kf6 61. Ke4 Rc1 62. Kxf4 Ke6 63. Rh6+ Ke7 64. Be4 Rf8+ 65. Ke5 Kd8 66. Re6
Rh1 67. Kd6 1-0

[Event "XXVIII Festival Conca della Presolana A"]
[Site "Bratto - Castione della Presolana ITA"]
[Date "2008.08.30"]
[Round "9"]
[White "Tiviakov, Sergei"]
[Black "Drazic, Sinisa"]
[Result "1-0"]
[WhiteElo "2645"]
[BlackElo "2505"]
[PlyCount "87"]
[EventDate "2008.08.22"]

1. e4 e6 2. d4 c5 3. Nf3 cxd4 4. Nxd4 Bc5 5. Nb3 Be7 6. Nc3 d6 7. Bd3 Nc6 8. f4
a6 9. Be3 Nf6 10. Qf3 Qc7 11. g4 b5 12. g5 Nd7 13. O-O-O O-O 14. Kb1 Re8 15. h4
b4 16. Ne2 a5 17. h5 Bf8 18. g6 fxg6 19. hxg6 h6 20. Nbd4 Nxd4 21. Bxd4 e5 22.
fxe5 Nxe5 23. Bxe5 dxe5 24. Bb5 Be6 25. Rd7 Qb6 26. Ba4 Re7 27. Rdd1 Rc7 28.
Ng3 Rc3 29. bxc3 bxc3+ 30. Bb3 a4 31. Qxc3 axb3 32. cxb3 Rc8 33. Qf3 Ba3 34.
Nf5 Qc6 35. Qd3 Kh8 36. Ne3 Bg8 37. Nc4 Bb4 38. Nxe5 Qf6 39. Qd4 Bc3 40. Nf7+
Bxf7 41. Qxf6 Bxf6 42. gxf7 Kh7 43. Rhf1 Rf8 44. Rd5 1-0

[Event "XXVIII Festival Conca della Presolana A"]
[Site "Bratto - Castione della Presolana ITA"]
[Date "2008.08.30"]
[Round "9"]
[White "Tomba, Ivan"]
[Black "Salmoiraghi, Angelo"]
[Result "1-0"]
[WhiteElo "2309"]
[BlackElo "2106"]
[PlyCount "31"]
[EventDate "2008.08.22"]

1. e4 c5 2. Nf3 Nc6 3. d4 cxd4 4. Nxd4 Nf6 5. Nc3 d6 6. Bc4 Qb6 7. Nb3 e6 8.
Be3 Qc7 9. Bd3 Be7 10. f4 O-O 11. Qf3 a6 12. O-O b5 13. Rae1 Bb7 14. Qh3 e5 15.
Nd5 Qd7 16. Nxf6+ 1-0

[Event "XXVIII Festival Conca della Presolana A"]
[Site "Bratto - Castione della Presolana ITA"]
[Date "2008.08.30"]
[Round "9"]
[White "Tramalloni, Luca"]
[Black "Scotti, Umberto"]
[Result "1/2-1/2"]
[WhiteElo "2109"]
[BlackElo "2172"]
[PlyCount "42"]
[EventDate "2008.08.22"]

1. d4 d5 2. c4 c6 3. Nf3 Nf6 4. Qc2 e6 5. g3 Be7 6. Bg2 O-O 7. O-O Ne4 8. b3
Nd7 9. Bb2 f5 10. Nbd2 Bd6 11. Ne5 Qf6 12. c5 Bc7 13. Ndf3 g5 14. Nxd7 Bxd7 15.
Ne5 Qg7 16. f3 Nf6 17. e3 Be8 18. a4 Bg6 19. Qc1 Nd7 20. Nxd7 Qxd7 21. f4 Qe7
1/2-1/2